Finančno-ekonomické hodnotenie investičných projektov financovaných zo zdrojov pomoci Európskej únie bakalárska práca

Gespeichert in:
Bibliographische Detailangaben
1. Verfasser: Jančeková, Jana
Körperschaft: Národohospodárska fakulta EU. Katedra financií
Weitere Verfasser: Čiernik, Anton
Format: Buch
Sprache:Slowakisch
Veröffentlicht: Bratislava 2010
Tags: Tag hinzufügen
Keine Tags, Fügen Sie das erste Tag hinzu!

MARC

LEADER 00000nam$a2200000$$$4500
001 0136538
005 20240320074117.5
041 0 |a slo 
044 |a SK 
245 1 0 |a Finančno-ekonomické hodnotenie investičných projektov financovaných zo zdrojov pomoci Európskej únie  |b bakalárska práca  |c Jana Jančeková ; školiteľ: Anton Čiernik 
264 1 |a Bratislava  |c 2010 
300 |a 43 s. 
100 1 |a Jančeková, Jana 
700 1 |a Čiernik, Anton 
710 2 |a Národohospodárska fakulta EU. Katedra financií